New product development (Record no. 52185)

MARC details
000 -LEADER
fixed length control field 00515nam a2200145 a 4500
008 - FIXED-LENGTH DATA ELEMENTS--GENERAL INFORMATION
fixed length control field 120416s1997 ||||||||||||||||| || u
020 ## - INTERNATIONAL STANDARD BOOK NUMBER
International Standard Book Number 0750624272
050 ## - LIBRARY OF CONGRESS CALL NUMBER
Classification number HF 5415.153 Jon
100 ## - MAIN ENTRY--PERSONAL NAME
Personal name Jones, T
245 10 - TITLE STATEMENT
Title New product development
246 ## - VARYING FORM OF TITLE
Title proper/short title an introduction to a multifunctional process
260 ## - PUBLICATION, DISTRIBUTION, ETC.
Place of publication, distribution, etc. Oxford
Name of publisher, distributor, etc. B-H
Date of publication, distribution, etc. 1997
350 ## - PRICE (NR) (BK AM CF MU VM SE) [OBSOLETE]
Price 0.00
995 ## - RECOMMENDATION 995 [LOCAL, UNIMARC FRANCE]
-- 0.00
-- CBU-MAIN LIBRARY (Kitwe)
-- 1
-- 15.95
-- 1
-- AVAILABLE
-- Main Library Open Access Collection
Holdings
Withdrawn status Lost status Source of classification or shelving scheme Damaged status Not for loan Home library Current library Shelving location Date acquired Total Checkouts Full call number Barcode Date last seen Price effective from Koha item type
          CBU-MAIN LIBRARY, KITWE. CBU-MAIN LIBRARY, KITWE.   11/30/2022   HF 5415.153 Jon 027274 11/30/2022 11/30/2022 MONOGRAPH